كتب و مقالات : تعريفات و مستخلصات / (رقم التسجيلة. 88849)

تفاصيل مارك
000 -LEADER
fixed length control field 00508nas a22001817a 4500
005 - DATE AND TIME OF LATEST TRANSACTION
control field 20251108172812.0
008 - FIXED-LENGTH DATA ELEMENTS--GENERAL INFORMATION
fixed length control field 250721s9999 xx fr 000 0 ara d
082 14 - DEWEY DECIMAL CLASSIFICATION NUMBER
Classification number م/028.105/كتب
245 10 - TITLE STATEMENT
Title كتب و مقالات : تعريفات و مستخلصات /
264 1# - PRODUCTION, PUBLICATION, DISTRIBUTION, MANUFACTURE, AND COPYRIGHT NOTICE
Place of production, publication, distribution, manufacture بيروت :
Name of producer, publisher, distributor, manufacturer معهد الانماء العربي،
310 ## - CURRENT PUBLICATION FREQUENCY
Current publication frequency Semiannual
650 17 - SUBJECT ADDED ENTRY--TOPICAL TERM
Topical term or geographic name as entry element الكتب
650 17 - SUBJECT ADDED ENTRY--TOPICAL TERM
Topical term or geographic name as entry element القراءه
650 17 - SUBJECT ADDED ENTRY--TOPICAL TERM
Topical term or geographic name as entry element دوريان
650 17 - SUBJECT ADDED ENTRY--TOPICAL TERM
Topical term or geographic name as entry element النقد
942 ## - ADDED ENTRY ELEMENTS (KOHA)
Source of classification or shelving scheme Dewey Decimal Classification
Koha item type دوريات
المقتنيات
حالة السحب حالة الفقدان مصدر التصنيف حالة التلف غير قابل للإعارة المكتبة الرئيسية المكتبة الحالية موقع الرف تاريخ التزويد الرقم المتسلسل Total Checkouts رقم الإستدعاء الباركود تاريخ آخر ظهور تاريخ الفاتورة نوع المادة (كوها)
    Dewey Decimal Classification   Not For Loan المكتبة المركزية المكتبة المركزية مراجع 28/07/2025 75994   م/028.105/كتب 75994 28/07/2025 28/07/2025 دوريات
    Dewey Decimal Classification   Not For Loan المكتبة المركزية المكتبة المركزية مراجع 28/07/2025 75997   م/028.105/كتب 75997 28/07/2025 28/07/2025 دوريات
    Dewey Decimal Classification   Not For Loan المكتبة المركزية المكتبة المركزية مراجع 28/07/2025 75999   م/028.105/كتب 75999 28/07/2025 28/07/2025 دوريات
Implemented & Customized by: BBB with SCIT (Smart Chains for Information Technology)

Powered by Koha